| 000 | 00838nam a22002897a 4500 | ||
|---|---|---|---|
| 001 | 200461203 | ||
| 003 | TR-AnTOB | ||
| 005 | 20240625112830.0 | ||
| 008 | 240625b tu ||||| |||| 00| 0 tur d | ||
| 020 | _a9786054603374 | ||
| 040 |
_aTR-AnTOB _beng _erda _cTR-AnTOB |
||
| 041 | _atur | ||
| 092 |
_a813.42 _bAK 2022 |
||
| 100 | 1 |
_aAk, Behiç _eAuthor. _9138841 |
|
| 245 |
_a Bizim tombiş taştan hiç anlamıyor / _cBehiç Ak |
||
| 250 | _a21. bs. | ||
| 260 |
_aİstanbul : _bGünışığı Kitaplığı ; _c2022. |
||
| 300 |
_a55 Pages. : _bill. ; _c22 cm. |
||
| 336 |
_atext _btxt _2rdacontent |
||
| 337 |
_aunmediated _bn _2rdamedia |
||
| 338 |
_avolume _bnc _2rdacarrier |
||
| 490 |
_aTombiş Kitaplar Dizisi ; _v2 |
||
| 653 | _aTürk Edebiyatı | ||
| 942 |
_2ddc _cBK |
||
| 999 |
_c200461203 _d79415 |
||